000 00702nam a2200193 a 4500
008 120416s2002 ||||||||||||||||| || u
020 _a1899332987
050 _aHD 9502 Rea
100 _aRonn, Ehud I
245 1 0 _aReal options and energy management
_cedited by Ehud I. Ronn
246 _ausing options methodology to enhance capital budgeting decisions
260 _aLondon
_bRisk Books
_c2002
300 _axxxii, 712p. : ill.
350 _a0.00
650 _aRESOURCES
650 _aENERGY INDUSTRIES
650 _aENERGY MANAGEMENT
995 _D0.00
_FCBU-MAIN LIBRARY (Kitwe)
_H1
_I25.00
_M1
_UAVAILABLE
_ZMain Library Open Access Collection
999 _c55701
_d55701